000 00400nam a2200169Ia 4500
008 170705s9999 xx 000 0 und d
020 _a9781842054130
245 4 _aThe secret garden /
245 _cFrances Hodgson Burnett.
260 _aNew York :
260 _bScholastic,
260 _c2004
300 _a222 pages :
300 _bcolor illustration ;
300 _c20cm.
500 _a970
999 _c336634
_d336634